Văn hoá dân gian Việt Nam - những thành tố = Components of Vietnam folklore
Nội dung cuốn sách giới thiệu những lý luận, khái niệm cơ bản và những khảo cứu, phác thảo diện mạo các thành tố văn hóa dân gian Việt Nam.
Αποθηκεύτηκε σε:
| Κύριος συγγραφέας: | |
|---|---|
| Μορφή: | Βιβλίο |
| Γλώσσα: | Undetermined |
| Έκδοση: |
Hà Nội
Văn hóa Thông tin
1999
|
| Θέματα: | |
| Ετικέτες: |
Προσθήκη ετικέτας
Δεν υπάρχουν, Καταχωρήστε ετικέτα πρώτοι!
|
| Thư viện lưu trữ: | Trung tâm Học liệu Trường Đại học Cần Thơ |
|---|
| LEADER | 00889nam a2200229Ia 4500 | ||
|---|---|---|---|
| 001 | CTU_139311 | ||
| 008 | 210402s9999 xx 000 0 und d | ||
| 020 | |c 60000 | ||
| 082 | |a 394.09597 | ||
| 082 | |b C107 | ||
| 100 | |a Lê, Ngọc Canh | ||
| 245 | 0 | |a Văn hoá dân gian Việt Nam - những thành tố = | |
| 245 | 0 | |b Components of Vietnam folklore | |
| 245 | 0 | |c Lê Ngọc Canh | |
| 260 | |a Hà Nội | ||
| 260 | |b Văn hóa Thông tin | ||
| 260 | |c 1999 | ||
| 520 | |a Nội dung cuốn sách giới thiệu những lý luận, khái niệm cơ bản và những khảo cứu, phác thảo diện mạo các thành tố văn hóa dân gian Việt Nam. | ||
| 650 | |a Folklore,Văn hóa dân gian | ||
| 650 | |z Vietnam,Việt Nam | ||
| 904 | |i Quang Hiếu | ||
| 980 | |a Trung tâm Học liệu Trường Đại học Cần Thơ | ||